00713 2200181 4500001002100000005001500021035002000036245005600056100001900112250001700131300002900148260004200177082000800219084001400227020002200241650001000263520025800273INLIS00000000000029720240601092334 a0010-06240000061 aJago Fisika :bMagnet dan Listrik /cKyung, Kim Soo0 aKyung, Kim Soo acetakan ke-1 a184 hlm :bilus ;c24 cm aJakarta :bBhuana Ilmu Populer,c2020 a537 a537 KYU j a978-623-216-973-9 4aSains aDiawali dengan sambaran petir, Profesor Don Quixote memulai petualangannya mencari listrik dan magnet! Petualangan mencari listrik dan magnet sungguh menegangkan! Dari listrik statis, medan magnet, bioelektrik, elektromagnetik hingga pembangkit listrik,